| 000 | 00613nam a2200193Ia 4500 | ||
|---|---|---|---|
| 008 | 140429s9999 xx 000 0 und d | ||
| 020 | _a9780071499040 | ||
| 050 |
_aPE 1271 _b.R69 2007 |
||
| 100 | _aRyder, Rory | ||
| 245 |
_a101 English verbs : _bthe art of conjugation / _cRory Ryder ; illustrated by : Francisco Garnica. |
||
| 260 |
_aChicago : _bMcGraw-Hill, _cc2007. |
||
| 300 |
_a108 p. : _bcol. ill. ; _c22 cm. |
||
| 500 | _aIncludes index. | ||
| 521 | _aGE | ||
| 650 |
_aEnglish language _xTextbooks for foreign speakers. |
||
| 650 |
_aEnglish language _xVerb. |
||
| 942 |
_kFOR _cBK |
||
| 999 |
_c115750 _d115750 |
||